| Tag |
First Indicator |
Second Indicator |
Subfields |
| LEADER |
00000cam a22000004i 4500 |
| 001 |
in00003402672 |
| 005 |
20190405202633.0 |
| 006 |
m d |
| 007 |
cr |||||||nn|n |
| 008 |
111208s2012 mau o d eng d |
| 010 |
|
|
|z 2011050380
|
| 020 |
|
|
|a 9781613762288
|
| 020 |
|
|
|a 1613762283
|
| 020 |
|
|
|z 9781558499102 (cloth : alk. paper)
|
| 020 |
|
|
|z 1558499105
|
| 035 |
|
|
|a (MdBmJHUP)muse9781613762288
|
| 040 |
|
|
|a MdBmJHUP
|c MdBmJHUP
|d UtOrBLW
|
| 043 |
|
|
|a n-usn--
|
| 050 |
0 |
0 |
|a NA4210
|b .B46 2012
|
| 082 |
0 |
0 |
|a 726.50974
|2 23
|
| 100 |
1 |
|
|a Benes, Peter.
|
| 245 |
1 |
0 |
|a Meetinghouses of early New England /
|c Peter Benes.
|
| 264 |
|
1 |
|a Amherst :
|b University of Massachusetts Press,
|c [2012]
|
| 300 |
|
|
|a 1 online resource (vi, 446 pages :) :
|b illustrations
|
| 336 |
|
|
|a text
|b txt
|2 rdacontent
|
| 337 |
|
|
|a computer
|b c
|2 rdamedia
|
| 338 |
|
|
|a online resource
|b cr
|2 rdacarrier
|
| 504 |
|
|
|a Includes bibliographical references (pages 403-428) and index.
|
| 588 |
|
|
|a Description based on print version record.
|
| 500 |
|
|
|a Electronic resource.
|
| 650 |
|
0 |
|a Vernacular architecture
|z New England
|x History.
|
| 650 |
|
0 |
|a Wooden churches
|z New England
|x History.
|
| 650 |
|
0 |
|a Public buildings
|z New England
|x History.
|
| 651 |
|
0 |
|a New England
|x Church history.
|
| 655 |
|
7 |
|a Electronic books.
|2 local
|
| 856 |
4 |
0 |
|u http://proxy.library.tamu.edu/login?url=http://muse.jhu.edu/books/9781613762288/
|z Connect to the full text of this electronic book
|t 0
|
| 999 |
|
|
|a MARS
|
| 999 |
f |
f |
|s 44b5c586-65ab-3df3-ad09-294713339264
|i 31500d04-ff1e-376c-80e4-5988e2c46a34
|t 0
|
| 952 |
f |
f |
|a Texas A&M University
|b College Station
|c Electronic Resources
|d Available Online
|t 0
|e NA4210 .B46 2012
|h Library of Congress classification
|
| 998 |
f |
f |
|a NA4210 .B46 2012
|t 0
|l Available Online
|